000 00449nam a2200181Ia 4500
001 22781
005 20260414150853.0
008 260414t2004||||xx |||||||||||||| ||spa||
041 _aESP
082 _a621.902
_bG73
100 _aGoñi, Juan Carlos
_eAUT
245 0 _aMáquinas, instrumentos y procesos de manufactura
_b
260 _c2004
300 _a325 páginas :
_c23 cm.
650 _aTCA
654 _aCET
942 _cLIB
_dJUS
_fJUS
_2ddc
_n
999 _c22781
_d22781